Implicacões da seleção para crescimento pré-desmama sobre características reprodutivas em bovinos de corte (Registro n. 86443)
[ somente texto ]
| 000 -LÍDER | |
|---|---|
| Campo de controle fixo | 00914nam a2200277 4500 |
| 001 - NÚMERO DE CONTROLE | |
| Número de controle | BR2020000555 |
| 003 - CÓDIGO MARC DA AGÊNCIA CATALOGADORA | |
| Campo de controle | BR-BrBNA |
| 005 - DATA E HORA DA ÚLTIMA ATUALIZAÇÃO | |
| Campo de controle | 20231009154046.0 |
| 008 - CAMPO DE TAMANHO FIXO | |
| Campo fixo de controle | 231009b bl.||||| |||| 00| 0 por d |
| 040 ## - FONTE DA CATALOGAÇÃO | |
| Agência catalogadora | BR-BrBNA |
| Idioma da catalogação | por |
| 041 ## - CÓDIGO DO IDIOMA | |
| Código do Idioma | por |
| 072 ## - CATEGORIA AGRIS | |
| Código da categoria de assunto/objeto | <a href="L10">L10</a> |
| 090 ## - NÚMERO DE CHAMADA | |
| Localização na estante | L10 BR2020000555 |
| 100 ## - ENTRADA PRINCIPAL - NOME PESSOAL | |
| Nome pessoal | Abreu, Luiza Rodrigues Alves |
| 110 1# - ENTRADA PRINCIPAL - ENTIDADE | |
| 9 (RLIN) | 10833 |
| Nome da entidade ou lugar | Universidade Federal de Minas Gerais, Belo Horizonte (Brasil). Escola de Veterinária |
| 245 ## - TÍTULO PRINCIPAL | |
| Título principal | Implicacões da seleção para crescimento pré-desmama sobre características reprodutivas em bovinos de corte |
| 260 ## - IMPRENTA (PUBLICAÇÃO, DISTRIBUIÇÃO, ETC.) | |
| Lugar de publicação, distribuição, etc. | Belo Horizonte, MG (Brazil) |
| Nome do editor, distribuidor, etc. | UFMG |
| Data de publicação, distribuição, etc | 2018 |
| 300 ## - DESCRIÇÃO FÍSICA | |
| Extensão | 69 p. |
| 500 ## - NOTA GERAL | |
| Notas gerais | Summaries (En, Pt); Biblograpy p. 60-69 (70 ref.) |
| 502 ## - NOTA DE DISSERTAÇÃO OU TESE | |
| Nota de dissertação ou tese | Tese (Doutor em Zootecnia) |
| 650 ## - ASSUNTO - THESAGRO | |
| Cabeçalho tópico ou nome geográfico | GADO DE CORTE |
| 650 ## - ASSUNTO - THESAGRO | |
| Cabeçalho tópico ou nome geográfico | DESMAMA |
| 650 ## - ASSUNTO - THESAGRO | |
| Cabeçalho tópico ou nome geográfico | CARACTERÍSTICAS REPRODUTIVAS |
| 909 ## - IDENTIFICAÇÃO DO CATALOGADOR | |
| Ano e mês da catalogação (aaaamm) | 202310 |
| Identificação do catalogador | LES |
| 942 ## - TIPO ESPECÍFICO | |
| Tipo de material | Teses e Dissertações |
| 952 ## - LOCATION AND ITEM INFORMATION (KOHA) | |
| -- | 2023-10-09 |
| Status de empréstimo | Fonte de classificação | Status de danificação | Não pode ser emprestado | Código da coleção | Localização permanente | Localização atual | Localização na estante | Total Checkouts | Número de chamada | Código de barras | Tipo de material |
|---|---|---|---|---|---|---|---|---|---|---|---|
| Classificação AGRIS | Agrobase | Biblioteca Nacional de Agricultura - Binagri | Biblioteca Nacional de Agricultura - Binagri | Agrobase - Acervo Geral | L10 BR2020000555 | 2023-436489 | Teses e Dissertações |

BINAGRI